| 000 | 00378nam a22001337a 4500 | ||
|---|---|---|---|
| 020 | _a9789690017680 | ||
| 040 | _cNUST | ||
| 082 | _a297.63 SID | ||
| 100 |
_aSiddiqui, Muhammad Abdul Majeed _9111006 |
||
| 245 | _aSeeret Ul Nabi Bad Az Wisal Un Nabi. Part-5 | ||
| 260 |
_aFerozsons: _bLahore, _c2001. |
||
| 650 |
_aSareet Ul Nabi Bad Az Wisal Un Nabi _9111970 |
||
| 942 |
_2ddc _cBK |
||
| 999 |
_c594020 _d594020 |
||